000 00965cad a22001935a 4500
001 L158032
008 140130s2014 xxk f 000 0 eng d
035 _a(Sirsi) u158032
041 0 _aeng
110 2 _aUnited Kingdom
_bDepartment of Energy and Climate Change
_95850
245 0 0 _aDeveloping Onshore Shale Gas and Oil - Facts about 'Fracking'
260 _aLondon
_bDECC
_c2013
520 _aInformation includes why shale gas could potentially be needed, how the extraction works, where shale gas and oil could be produced, how local communities are consulted and the safety of drilling sites. With links to further organisations and information.
590 _aKA
651 4 _aUnited Kingdom
690 _aMinerals and waste
_96257
856 4 0 _uhttps://www.gov.uk/government/uploads/system/uploads/attachment_data/file/270980/Developing_Onshore_Shale_Gas_and_Oil__Facts_about_Fracking_140113.pdf
_zView the item free of charge at www.gov.uk
942 _n0
999 _c115088
_d115088